000 00540nam a22001817a 4500
005 20251108164154.0
008 250721s9999 xx 000 0 ara d
082 1 4 _a301.2962/مصط
100 1 _aحماده، مصطفى عمر
245 1 0 _aمجتمعات و ثقافات البحر المتوسط :
_bدراسة في الأنثروبولوجيا الأركيولوجية /
264 _c[19-].
300 _a254ص
650 1 7 _aالثقافة
650 1 7 _aمصر
650 1 7 _aالمجتمع
942 _2ddc
_cBK
999 _c5435
_d5435